000 00409nam a2200169Ia 4500
008 230524s9999 xx 000 0 und d
020 _a8177000497
082 _a621.3821
_bSAH
100 _aS.K.Sahdev
245 0 _aElectronic Devices and Circuits
250 _a3RD
260 _aNEW DELHI
_bDhanpat Rai
_c2001
300 _aXV;699
500 _aQuantity Number: 2
650 _aElectronics
942 _cBK
999 _c9892
_d9892